[Event "Montigny le Bretonneux Noel op 07th"]
[Site "Montigny le Bretonneux"]
[Date "2004.12.31"]
[Round "7"]
[White "Majcherczyk, Benjamin"]
[Black "Blot, David"]
[Result "1-0"]
[WhiteElo "2079"]
[BlackElo "1987"]
[PlyCount "49"]
[EventDate "2004.12.??"]
[EventType "swiss"]
[EventRounds "7"]
[EventCountry "FRA"]
[SourceTitle "EXT 2006"]
[Source "ChessBase"]
[SourceDate "2005.11.24"]
[SourceVersion "1"]
[SourceVersionDate "2005.11.24"]
[SourceQuality "1"]

1. d4 Nf6 2. c4 g6 3. Nc3 Bg7 4. e4 d6 5. f3 0-0 6. Be3 e5 7. d5 Nh5 8. Qd2 f5 9. 0-0-0 a5 10. Bd3 a4 11. a3 Bd7 12. Bc2 Qe8 13. Nge2 b5 14. cxb5 Bxb5 15. Nxb5 Qxb5 16. Nc3 Qd7 17. exf5 gxf5 18. Bh6 Rf6 19. Bxg7 Nxg7 20. Rdg1 c5 21. g4 fxg4 22. Rxg4 Rxf3 23. Rhg1 Rf1+ 24. Rxf1 Qxg4 25. Qh6 1-0

[Event "Montigny le Bretonneux 3rd"]
[Site "Montigny le Bretonneux"]
[Date "2004.10.24"]
[Round "1"]
[White "Majcherczyk, Benjamin"]
[Black "Hogrel, Nicolas"]
[Result "0-1"]
[WhiteElo "2079"]
[BlackElo "2017"]
[PlyCount "100"]
[EventDate "2004.10.??"]
[EventType "swiss"]
[EventRounds "9"]
[EventCountry "FRA"]
[SourceTitle "EXT 2006"]
[Source "ChessBase"]
[SourceDate "2005.11.24"]
[SourceVersion "1"]
[SourceVersionDate "2005.11.24"]
[SourceQuality "1"]

1. d4 Nf6 2. c4 e6 3. Nf3 b6 4. g3 Bb7 5. Bg2 Be7 6. 0-0 0-0 7. b3 d6 8. Nbd2 Ne4 9. Qc2 Nxd2 10. Bxd2 f5 11. b4 Be4 12. Qb3 Nd7 13. d5 e5 14. Ne1 Bxg2 15. Kxg2 Bf6 16. Rc1 e4 17. Nc2 a5 18. a4 axb4 19. Bxb4 Nc5 20. Bxc5 dxc5 21. e3 Qd7 22. Na3 Qxa4 23. Qxa4 Rxa4 24. Nb5 Be5 25. Rc2 Rfa8 26. f3 Ra2 27. Rff2 Rxc2 28. Rxc2 exf3+ 29. Kxf3 Ra1 30. e4 Kf7 31. exf5 Kf6 32. Kg4 Re1 33. Kh3 Kxf5 34. Rf2+ Ke4 35. Rf7 Kd3 36. Nxc7 Kxc4 37. Re7 b5 38. d6 Bxd6 39. Rxe1 Bxc7 40. Rc1+ Kd5 41. Kg4 Be5 42. Kf3 c4 43. Ke3 Bd4+ 44. Kd2 b4 45. Rf1 b3 46. Rf5+ Be5 47. Rf8 c3+ 48. Kd1 Bd4 49. Rb8 c2+ 50. Kd2 Be3+ 0-1

[Event "Montigny le Bretonneux op"]
[Site "Montigny le Bretonneux"]
[Date "2004.05.23"]
[Round "9"]
[White "Delpech, Olivier"]
[Black "Majcherczyk, Benjamin"]
[Result "0-1"]
[WhiteElo "1720"]
[BlackElo "1920"]
[PlyCount "110"]
[EventDate "2004.05.20"]
[EventType "swiss"]
[EventRounds "9"]
[EventCountry "FRA"]
[SourceTitle "EXT 2007"]
[Source "ChessBase"]
[SourceDate "2006.11.23"]
[SourceVersion "1"]
[SourceVersionDate "2006.11.23"]
[SourceQuality "1"]

1. c4 c6 2. Nc3 d5 3. cxd5 cxd5 4. d4 Nc6 5. g3 Nf6 6. Bg2 Qb6 7. Nf3 Bf5 8. a3 e6 9. 0-0 Bd6 10. e3 0-0 11. Qe2 Na5 12. Nh4 Bg4 13. f3 Bh5 14. g4 Bg6 15. Nxg6 hxg6 16. Rb1 Rac8 17. Nb5 Be7 18. Qd3 Nc4 19. Nc3 Qb3 20. Qd1 Qb6 21. Kh1 Rfe8 22. Rf2 Rc7 23. Na4 Qa6 24. b4 b6 25. Bf1 Qc8 26. Qe1 Qd7 27. Nb2 Nxa3 28. Nd3 Nxb1 29. Bb2 Qa4 30. Qxb1 Bxb4 31. Bc1 Bd6 32. Ra2 Qc6 33. Bd2 Nd7 34. Be2 Rec8 35. Nf2 a5 36. Bb5 Qb7 37. Qd3 Nb8 38. e4 Rd8 39. e5 Be7 40. f4 Nc6 41. Ra4 Nb4 42. Qe3 Rc2 43. Nd1 Rdc8 44. Ra1 Ra2 45. Rxa2 Nxa2 46. Qf3 Nb4 47. Kg2 Nc6 48. Qd3 Ra8 49. Nb2 Na7 50. Na4 Nxb5 51. Qxb5 Rb8 52. Kf3 Qc7 53. Bc3 Qc4 54. Qxc4 dxc4 55. Nb2 Rc8 0-1

[Event "Montigny le Bretonneux op"]
[Site "Montigny le Bretonneux"]
[Date "2004.05.23"]
[Round "7"]
[White "Hedjazian, Navid"]
[Black "Majcherczyk, Benjamin"]
[Result "1-0"]
[WhiteElo "1869"]
[BlackElo "1920"]
[PlyCount "55"]
[EventDate "2004.05.20"]
[EventType "swiss"]
[EventRounds "9"]
[EventCountry "FRA"]
[SourceTitle "EXT 2007"]
[Source "ChessBase"]
[SourceDate "2006.11.23"]
[SourceVersion "1"]
[SourceVersionDate "2006.11.23"]
[SourceQuality "1"]

1. e4 e6 2. d4 d5 3. Nd2 Nf6 4. e5 Nfd7 5. Bd3 c5 6. c3 b6 7. Ne2 Ba6 8. Bxa6 Nxa6 9. 0-0 Be7 10. Nf3 0-0 11. Bf4 f6 12. exf6 Bxf6 13. Re1 Nab8 14. Bd6 Be7 15. Be5 Nxe5 16. Nxe5 Qc7 17. Ng3 Bd6 18. Qg4 Rf6 19. Nh5 Rf5 20. Nf4 Bxe5 21. Nxe6 Bxh2+ 22. Kh1 Qf7 23. Ng5 Qg6 24. Re8+ Rf8 25. Rxf8+ Kxf8 26. Qc8+ Qe8 27. Qf5+ Ke7 28. Re1+ 1-0

[Event "Montigny le Bretonneux Noel op 06th"]
[Site "Montigny le Bretonneux"]
[Date "2003.12.28"]
[Round "4"]
[White "Majcherczyk, Benjamin"]
[Black "Verat, Laurent"]
[Result "1/2-1/2"]
[WhiteElo "1970"]
[BlackElo "2302"]
[PlyCount "88"]
[EventDate "2003.12.26"]
[EventType "swiss"]
[EventRounds "6"]
[EventCountry "FRA"]
[SourceTitle "CBM 097 Extra"]
[Source "ChessBase"]
[SourceDate "2004.01.13"]
[SourceVersion "1"]
[SourceVersionDate "2004.01.13"]
[SourceQuality "1"]

1. d4 Nf6 2. c4 e6 3. Nf3 d5 4. Nc3 Bb4 5. Qc2 dxc4 6. e4 c5 7. Be3 cxd4 8. Nxd4 0-0 9. Bxc4 Ng4 10. Qe2 Nxe3 11. Qxe3 Qc7 12. Qe2 Bxc3+ 13. bxc3 Bd7 14. Rc1 Rc8 15. Bb3 Nc6 16. Nb5 Qe5 17. 0-0 Rd8 18. Rfd1 Be8 19. Na3 Qc5 20. Nc4 b5 21. Ne3 Ne5 22. Kh1 Bc6 23. Nc2 Rxd1+ 24. Rxd1 Qxc3 25. Nd4 Rd8 26. Nxb5 Rxd1+ 27. Qxd1 Qd3 28. Qxd3 Nxd3 29. Nxa7 Bxe4 30. f3 Bb7 31. Bc4 Ne5 32. Be2 Kf8 33. Kg1 Ke7 34. Kf2 Kd6 35. Ke3 Kc5 36. Nb5 Bd5 37. Nc3 Bc6 38. Ne4+ Kb4 39. f4 Nc4+ 40. Bxc4 Kxc4 41. Nd6+ Kc5 42. Nxf7 Bxg2 43. Ng5 Bd5 44. Nxh7 Bxa2 1/2-1/2

[Event "Montigny le Bretonneux Noel op 05th"]
[Site "Montigny le Bretonneux"]
[Date "2002.12.29"]
[Round "5.27"]
[White "Majcherczyk, Benjamin"]
[Black "Benhamouda, Matthieu"]
[Result "1-0"]
[WhiteElo "1680"]
[BlackElo "1240"]
[PlyCount "69"]
[EventDate "2002.12.??"]
[EventType "swiss"]
[EventRounds "7"]
[EventCountry "FRA"]
[SourceTitle "EXT 2004"]
[Source "ChessBase"]
[SourceDate "2003.11.25"]
[SourceVersion "1"]
[SourceVersionDate "2003.11.25"]
[SourceQuality "1"]

1. d4 d5 2. c4 e6 3. Nc3 Nf6 4. Nf3 Be7 5. Bf4 0-0 6. e3 Nc6 7. Bd3 g6 8. Bh6 Re8 9. 0-0 Bf8 10. Bxf8 Rxf8 11. cxd5 exd5 12. a3 Qe8 13. b4 Ne4 14. Nxd5 Rb8 15. Bxe4 Qxe4 16. Nf6+ Kh8 17. Nxe4 Bf5 18. Nc5 b6 19. Na6 Rbe8 20. Nxc7 Re7 21. Rc1 Rxc7 22. d5 Rd8 23. Qb3 Be4 24. dxc6 Bd5 25. Qc3+ Kg8 26. Rfd1 Rcc8 27. c7 Rd7 28. Rxd5 Rxd5 29. Qc6 Re5 30. Nxe5 Kg7 31. Qd7 Rxc7 32. Rxc7 Kf6 33. Qxf7+ Kxe5 34. Re7+ Kd6 35. Qe6# 1-0

[Event "Montigny le Bretonneux Noel op 04th"]
[Site "Montigny le Bretonneux"]
[Date "2001.12.31"]
[Round "7.15"]
[White "Benoliel, Pascal"]
[Black "Majcherczyk, Benjamin"]
[Result "0-1"]
[WhiteElo "1630"]
[BlackElo "1630"]
[PlyCount "74"]
[EventDate "2001.12.26"]
[EventType "swiss"]
[EventRounds "7"]
[EventCountry "FRA"]
[SourceTitle "EXT 2003"]
[Source "ChessBase"]
[SourceDate "2002.11.25"]
[SourceVersion "1"]
[SourceVersionDate "2002.11.25"]
[SourceQuality "1"]

1. e4 e6 2. d4 d5 3. e5 c5 4. c3 Nc6 5. Nf3 Qb6 6. g3 Nge7 7. Bg2 Nf5 8. 0-0 cxd4 9. b3 dxc3 10. Nxc3 Qc7 11. Bb2 Be7 12. Rc1 Qa5 13. a3 0-0 14. b4 Nxb4 15. axb4 Qxb4 16. Qe2 Bd7 17. Rfd1 Bc6 18. Rb1 a5 19. Bh3 d4 20. Bxf5 dxc3 21. Bxh7+ Kxh7 22. Ba1 Qe4 23. Ng5+ Bxg5 24. Qh5+ Bh6 25. f3 Qe3+ 26. Kf1 c2 27. Bd4 cxd1Q+ 28. Rxd1 Bb5+ 29. Kg2 Qe2+ 30. Kh3 Qxd1 31. Be3 Qf1+ 32. Kh4 Qg2 33. Kg4 f5+ 34. exf6 Rxf6 35. Bxh6 Qxf3+ 36. Kh4 Qxh5+ 37. Kxh5 Rxh6+ 0-1

[Event "Montigny le Bretonneux Noel op 04th"]
[Site "Montigny le Bretonneux"]
[Date "2001.12.30"]
[Round "6.18"]
[White "Majcherczyk, Benjamin"]
[Black "Mottet, Andre"]
[Result "1-0"]
[WhiteElo "1630"]
[BlackElo "1299"]
[PlyCount "69"]
[EventDate "2001.12.26"]
[EventType "swiss"]
[EventRounds "7"]
[EventCountry "FRA"]
[SourceTitle "EXT 2003"]
[Source "ChessBase"]
[SourceDate "2002.11.25"]
[SourceVersion "1"]
[SourceVersionDate "2002.11.25"]
[SourceQuality "1"]

1. d4 Nf6 2. c4 g6 3. Nc3 d5 4. cxd5 Nxd5 5. e4 Nxc3 6. bxc3 Bg7 7. Nf3 c5 8. Bb2 Qb6 9. Qc2 Nc6 10. d5 Ne5 11. Nxe5 Bxe5 12. Rb1 0-0 13. Be2 e6 14. 0-0 exd5 15. exd5 Bf5 16. Bd3 Bxd3 17. Qxd3 Qd6 18. h3 a6 19. c4 Bxb2 20. Rxb2 Rab8 21. Rfb1 Rfe8 22. a4 Re7 23. a5 Rbe8 24. Qf1 Rb8 25. Rb6 Qd8 26. Qd3 Qe8 27. Kf1 Qa4 28. Qc3 Qa2 29. Kg1 Re2 30. Rf1 Rc2 31. Qe5 Rf8 32. d6 Qxc4 33. d7 Re2 34. Qd6 Rd2 35. Qxd2 1-0

[Event "Montigny le Bretonneux Noel op 04th"]
[Site "Montigny le Bretonneux"]
[Date "2001.12.29"]
[Round "5.15"]
[White "Francois, Jean Claude"]
[Black "Majcherczyk, Benjamin"]
[Result "1-0"]
[WhiteElo "1740"]
[BlackElo "1630"]
[PlyCount "71"]
[EventDate "2001.12.26"]
[EventType "swiss"]
[EventRounds "7"]
[EventCountry "FRA"]
[SourceTitle "EXT 2003"]
[Source "ChessBase"]
[SourceDate "2002.11.25"]
[SourceVersion "1"]
[SourceVersionDate "2002.11.25"]
[SourceQuality "1"]

1. d4 Nf6 2. c4 g6 3. Nc3 Bg7 4. e4 d6 5. Nf3 0-0 6. Be2 e5 7. d5 Nbd7 8. Bg5 a5 9. Qd2 Nc5 10. Bd3 Qe8 11. Bc2 Nh5 12. Bh6 Bd7 13. Bxg7 Kxg7 14. 0-0-0 Nf4 15. Rdg1 a4 16. h4 Rh8 17. g4 b5 18. cxb5 Bxb5 19. Ne1 Bc4 20. Rg3 Qb8 21. Kb1 Qb6 22. a3 Rhb8 23. Qc1 Ra7 24. h5 Qa6 25. Ka1 Rab7 26. hxg6 fxg6 27. Nd1 Qb5 28. Rgh3 Nxh3 29. Rxh3 Rh8 30. Qh6+ Kf7 31. Rf3+ Ke8 32. Qg7 Nd7 33. Qxh8+ Ke7 34. Qxh7+ Kd8 35. Qg8+ Nf8 36. Rxf8+ 1-0

[Event "Saint Quentin op 4th"]
[Site "Saint Quentin"]
[Date "2001.04.19"]
[Round "6.35"]
[White "Majcherczyk, Benjamin"]
[Black "Ballandras, Marc"]
[Result "1-0"]
[WhiteElo "1630"]
[BlackElo "1880"]
[PlyCount "117"]
[EventDate "2001.04.15"]
[EventType "swiss"]
[EventRounds "9"]
[EventCountry "FRA"]
[SourceTitle "EXT 2002"]
[Source "ChessBase"]
[SourceDate "2001.11.25"]
[SourceVersion "1"]
[SourceVersionDate "2001.11.25"]
[SourceQuality "1"]

1. d4 b5 2. e4 Bb7 3. Nd2 a6 4. Ngf3 Nf6 5. Bd3 e6 6. 0-0 c5 7. c3 c4 8. Bc2 Be7 9. Re1 d6 10. b3 cxb3 11. axb3 Nbd7 12. Bb2 Rc8 13. Rf1 Qc7 14. Ne1 e5 15. d5 0-0 16. Kh1 Ra8 17. f4 exf4 18. Rxf4 Ne5 19. Nd3 Ng6 20. Rf1 Nd7 21. Qe2 Bf6 22. Nb1 Rfe8 23. Qf3 Nde5 24. Qd1 Nxd3 25. Qxd3 b4 26. Ra2 bxc3 27. Bxc3 Ne5 28. Qd2 Qe7 29. Na3 Rac8 30. Bb4 Ra8 31. Nc4 Nxc4 32. bxc4 Rac8 33. Qd3 Be5 34. Ra3 g6 35. Bc3 Rc7 36. Bxe5 Qxe5 37. Qc3 Qxc3 38. Rxc3 Rec8 39. Bd3 Rc5 40. Re1 f6 41. Rb3 R8c7 42. Rb6 Rd7 43. Reb1 Bc8 44. Rb8 Kf7 45. h3 Rdc7 46. R1b6 Ke7 47. Rb1 Ra7 48. Kg1 Bd7 49. Rh8 f5 50. Rxh7+ Kf6 51. exf5 gxf5 52. Rb6 Ke5 53. Rh6 a5 54. Rhxd6 a4 55. Ra6 Rxa6 56. Rxa6 Kd4 57. Bf1 Kc3 58. Ra7 Bc8 59. Rxa4 1-0